000 00741nam a2200241u 4500
001 3685
003 FISKH
005 20240409134732.0
008 840403t19491943fr 000 0 fre
010 _aa 52006090
040 _aDLC
_cCarP
_dDLC
_beng
050 0 0 _aPQ2603.A435
_bR3 1943
082 _a848
100 1 _aBarjavel, René
_d1911- 1985
245 1 0 _aRavage /
_cRené Barjavel
250 _aEditions Denoël 1943
260 _aParis,
_bDenoël
_c2012
300 _a314 pages :
_c19 cm.
520 _a'Ravage', published in 1943, opened the way to science fiction in France. " [Source: 4th cover, 2011 edition]
700 _aEmilie, Moulin
_einscriber
906 _a0
_bcbc
_cpremunv
_du
_encip
_f19
_gy-gencatlg
942 _2ddc
_cBK
_n0
999 _c3685
_d3685